000
00217 a2200097 4500
001
8448
090
_c
6815
_d
6815
100
_a
Watt, A F
245
_a
Shakespeare: A midsummer nights dream (Transfered to SOA)
260
_b
U T P
942
_a
NUST-CAE
999
_c
243521
_d
243521